|
|
|
|
| LEADER |
00000nam0a2200000 4500 |
| 001 |
354485 |
| 005 |
20231102010709.0 |
| 035 |
|
|
|a (RuTPU)RU\TPU\retro\11743
|
| 090 |
|
|
|a 354485
|
| 100 |
|
|
|a 20200619d1979 k y0rusy50 ca
|
| 101 |
0 |
|
|a rus
|
| 102 |
|
|
|a RU
|
| 105 |
|
|
|a a z 001zy
|
| 200 |
1 |
|
|a Прикладные алгоритмы решения обратных задач геофизики
|e [сборник]
|f Академия наук СССР, Международный геофизический комитет
|
| 210 |
|
|
|a Москва
|c Советское радио
|d 1979
|
| 215 |
|
|
|a 107 с.
|c ил.
|
| 225 |
1 |
|
|a Результаты исследований по международным геофизическим проектам
|
| 320 |
|
|
|a Библиография в конце статей
|
| 606 |
1 |
|
|a Геофизика
|2 stltpush
|3 (RuTPU)RU\TPU\subj\38590
|9 59017
|
| 610 |
1 |
|
|a Земля
|
| 610 |
1 |
|
|a физические модели
|
| 610 |
1 |
|
|a построение
|
| 610 |
1 |
|
|a методические исследования
|
| 610 |
1 |
|
|a геофизические данные
|
| 610 |
1 |
|
|a интерпретация
|
| 610 |
1 |
|
|a обработка
|
| 610 |
1 |
|
|a математические методы
|
| 610 |
1 |
|
|a потенциальные поля
|
| 610 |
1 |
|
|a прямые задачи
|
| 610 |
1 |
|
|a обратные задачи
|
| 675 |
|
|
|a 550.3
|v 4
|
| 712 |
0 |
2 |
|a Академия наук СССР
|b Международный геофизический комитет
|c (Ленинград/Москва)
|c (1925-1991)
|2 stltpush
|3 (RuTPU)RU\TPU\col\722
|
| 801 |
|
1 |
|a RU
|b 63413507
|c 20200619
|
| 801 |
|
2 |
|a RU
|b 63413507
|c 20210113
|g RCR
|
| 942 |
|
|
|c BK
|